00668nam a2200241 a 4500001001300000003000900013005001700022008004100039020001000080082001400090100002600104245002900130260003300159300000800192500003500200505001200235650002300247700002600270902000800296942000700304952009800311999001700409nice12345678IN_TiNIC20260116015231.0050524s1945 lona grp 000 0 eng  ac10000a230bMAC2 aMackintosh, Hugh Ross aTypes of Modern Theology aLondonbNisbet and Co.c1945 a33p aincludes index and biblioraphy2 aindices aChristian-Theology1 aMackintosh, Hugh Ross bSRS cBK 00104070aHMIbHMId2007-06-25g100.00l0o230 MAC2p11000007r2026-01-16w2026-01-16yARB c18851d18851